¿Descentralización o desarticulación urbana? : (Record no. 124813)

MARC details
000 -CABECERA
campo de control de longitud fija 00671nam a2200193 u 4500
005 - FECHA Y HORA DE LA ÚLTIMA TRANSACCIÓN
campo de control 20210223130322.0
008 - ELEMENTOS DE LONGITUD FIJA--INFORMACIÓN GENERAL
campo de control de longitud fija 071008s1999 r 000 0 eng d
020 ## - NÚMERO INTERNACIONAL NORMALIZADO PARA LIBROS
Número Internacional Estándar del Libro 9686914994
035 ## - NÚMERO DE CONTROL DEL SISTEMA
Número de control de sistema UPN01000152690
049 ## - COLECCIÓN
Colección CG
050 #4 - SIGNATURA TOPOGRÁFICA DE LA BIBLIOTECA DEL CONGRESO
Número de clasificación HT127.5
Número de documento/Ítem D4.7
245 01 - MENCIÓN DE TÍTULO
Título ¿Descentralización o desarticulación urbana? :
Resto del título dos visiones sobre el proceso de urbanización en los países en desarrollo /
Mención de responsabilidad, etc. comp. Javier Camas.
260 ## - PUBLICACIÓN, DISTRIBUCIÓN, ETC.
Lugar de publicación, distribución, etc. México :
Nombre del editor, distribuidor, etc. Instituto Mora :
-- CIESAS,
Fecha de publicación, distribución, etc. 1999.
300 ## - DESCRIPCIÓN FÍSICA
Extensión 286 p. :
Otras características físicas gráfs., cuadros
440 #0 - MENCIÓN DE SERIE/ASIENTO SECUNDARIO--TÍTULO
Título Antologías universitarias
650 #4 - ASIENTO SECUNDARIO DE MATERIA - TERMINO TEMATICO
Término de materia o nombre geográfico como elemento de entrada URBANIZACION -
Subdivisión geográfica AMERICA LATINA
9 (RLIN) 6178
700 1# - ASIENTO SECUNDARIO--NOMBRE DE PERSONAL
Nombre de persona Camas, Javier,
Término indicativo de función/relación comp.
905 ## - TIPO DE MATERIAL
Tipo de material Libro
Holdings
Estado de retiro Estado de pérdida Fuente del sistema de clasificación o colocación Estado dañado No para préstamo Código de colección Localización permanente Ubicación/localización actual Ubicación en estantería Total de préstamos Clasificación Código de barras Fecha visto por última vez Número de copia Tipo de ítem Koha
    Library of Congress Classification     Colección General Bib. Gregorio Torres Quintero Bib. Gregorio Torres Quintero Planta baja   HT127.5 D4.7 252637 31/12/2020 1 Libro